| 000 | 00437nam a2200181Ia 4500 | ||
|---|---|---|---|
| 001 | 20889 | ||
| 005 | 20260306172839.0 | ||
| 008 | 260306t2019||||xx |||||||||||||| ||spa|| | ||
| 041 | _aESP | ||
| 082 |
_a343.8 _bO33 |
||
| 100 |
_aOdar Montenegro, Belissa _eAUT |
||
| 245 | 0 | _aMedios de defensa frente a la Sunat | |
| 260 | _c2019 | ||
| 300 |
_a270 páginas : _c25 cm. |
||
| 650 | _aGEN | ||
| 654 | _aCCO | ||
| 942 |
_cLIB _dJUS _fJUS _2ddc _n |
||
| 999 |
_c20889 _d20889 |
||